TULANAMULAK SARKAR (Record no. 4782)
[ view plain ]
| 000 -LEADER | |
|---|---|
| fixed length control field | 00448cam a2200193ua 4500 |
| 008 - FIXED-LENGTH DATA ELEMENTS--GENERAL INFORMATION | |
| fixed length control field | 181004n1992 II |||gr||||Z||||||asm |
| 040 ## - CATALOGING SOURCE | |
| Original cataloging agency | MAIN |
| 041 ## - LANGUAGE CODE | |
| -- | English |
| 041 ## - LANGUAGE CODE | |
| -- | asm |
| 100 ## - MAIN ENTRY--PERSONAL NAME | |
| Personal name | DAS, MRIGEN. |
| 245 ## - TITLE STATEMENT | |
| Title | TULANAMULAK SARKAR |
| 260 ## - PUBLICATION, DISTRIBUTION, ETC. | |
| Place of publication, distribution, etc. | DIBRUGARH |
| Name of publisher, distributor, etc. | STUDENT EMPORIUM |
| Date of publication, distribution, etc. | 1992 |
| 300 ## - PHYSICAL DESCRIPTION | |
| Dimensions | 20CM. |
| 700 ## - ADDED ENTRY--PERSONAL NAME | |
| Personal name | LAHON, THANSWAR. |
| 700 ## - ADDED ENTRY--PERSONAL NAME | |
| Personal name | SAHU, NANDA KUMAR. |
| 942 ## - ADDED ENTRY ELEMENTS (KOHA) | |
| Koha item type | Books |
| 653 ## - INDEX TERM--UNCONTROLLED | |
| Uncontrolled term | COMPARATIVE GOVERNMENT |
| Withdrawn status | Lost status | Source of classification or shelving scheme | Damaged status | Not for loan | Collection code | Home library | Current library | Date acquired | Barcode | Date last seen | Price effective from | Koha item type | Shelving location | Public note |
|---|---|---|---|---|---|---|---|---|---|---|---|---|---|---|
| Dewey Decimal Classification | TBPSC | Central Library and Information Centre Sibsagar Girls College | Central Library and Information Centre Sibsagar Girls College | 19.06.1995 | 13030 | 28.05.2023 | 28.05.2023 | Books | ||||||
| Dewey Decimal Classification | TBPSC | Central Library and Information Centre Sibsagar Girls College | Central Library and Information Centre Sibsagar Girls College | 19.06.1995 | 13031 | 28.05.2023 | 28.05.2023 | Books | POLITICAL SC BOOK RACK | V |